[Event "SVK-ch U2400"]
[Site "Liptovsky Jan"]
[Date "2025.06.14"]
[Round "6"]
[White "Srnak, Martin"]
[Black "Zitnanska, Ema"]
[Result "0-1"]
[WhiteElo "1703"]
[BlackElo "1530"]
[PlyCount "108"]
[EventDate "2025.06.12"]
[EventType "swiss"]
[EventRounds "8"]
[EventCountry "SVK"]
[SourceTitle "CB25_2025"]
[SourceDate "2025.06.18"]
[SourceVersion "1"]
[SourceVersionDate "2025.06.18"]
[SourceQuality "1"]

1. Nf3 d5 2. g3 Nf6 3. d3 c5 4. Bg2 g6 5. 0-0 Bg7 6. Nbd2 0-0 7. c3 Nc6 8. e4 dxe4 9. dxe4 Qc7 10. Re1 Rd8 11. Qc2 e5 12. Nb3 b6 13. Bg5 Ba6 14. Bxf6 Bxf6 15. Rad1 Rxd1 16. Rxd1 Rd8 17. Nc1 Rd6 18. Bf1 Bxf1 19. Kxf1 Qd7 20. Rxd6 Qxd6 21. Ke2 Kf8 22. Nd2 Qd7 23. Qd3 Qxd3+ 24. Nxd3 Ke7 25. Nc4 Ke6 26. Ne3 h5 27. Nd5 Bd8 28. f4 exf4 29. gxf4 Ne7 30. c4 Nc8 31. Ne5 Bf6 32. Nd3 Bd4 33. Nc7+ Kd7 34. Nb5 Bg7 35. e5 f6 36. Kf3 Ke6 37. Nc7+ Kf5 38. Ne8 Bh8 39. exf6 Bxf6 40. Nxf6 Kxf6 41. Nf2 Kf5 42. Ne4 Ke6 43. Ng5+ Kf5 44. Nf7 Kf6 45. Ne5 Kf5 46. h4 Nd6 47. b3 Ne4 48. Nxg6 Nd2+ 49. Ke3 Nf1+ 50. Ke2 Kxg6 51. Kxf1 Kf5 52. Kg2 Kxf4 53. Kh3 Kf3 54. a3 a5 0-1

[Event "SVK-ch U10"]
[Site "Tatralandia"]
[Date "2025.05.12"]
[Round "2"]
[White "Vojcik, Filip"]
[Black "Srnak, Martin"]
[Result "0-1"]
[WhiteElo "1000"]
[BlackElo "1631"]
[PlyCount "64"]
[EventDate "2025.05.11"]
[EventType "swiss"]
[EventRounds "9"]
[EventCountry "SVK"]
[SourceTitle "CB21_2025"]
[SourceDate "2025.05.21"]
[SourceVersion "1"]
[SourceVersionDate "2025.05.21"]
[SourceQuality "1"]

1. e4 c5 2. Nf3 Nc6 3. Bc4 a6 4. Nc3 e6 5. 0-0 b5 6. Ne2 bxc4 7. d3 cxd3 8. cxd3 Nge7 9. Bf4 d5 10. Rc1 dxe4 11. dxe4 Qxd1 12. Rfxd1 Ng6 13. Bc7 Be7 14. b4 Nxb4 15. a3 Nc6 16. Rc2 0-0 17. Rcd2 Nd4 18. Nexd4 cxd4 19. Rxd4 Bxa3 20. Rd8 Bb7 21. Rxf8+ Bxf8 22. Rd4 Rc8 23. Rd7 Bc6 24. Rd8 Rxc7 25. h3 Rd7 26. Rxd7 Bxd7 27. Nd4 a5 28. Nc2 a4 29. Kf1 a3 30. Nxa3 Bxa3 31. g3 f5 32. exf5 exf5 0-1

[Event "SVK-chT U16 rapid"]
[Site "Poprad"]
[Date "2025.05.04"]
[Round "1.29"]
[White "Srnak, Martin"]
[Black "Halcin, Erik"]
[Result "1-0"]
[WhiteElo "1824"]
[BlackElo "1605"]
[PlyCount "81"]
[EventDate "2025.05.04"]
[EventType "team-swiss (rapid)"]
[EventRounds "7"]
[EventCountry "SVK"]
[SourceTitle "CB19_2025"]
[SourceDate "2025.05.07"]
[SourceVersion "1"]
[SourceVersionDate "2025.05.07"]
[SourceQuality "1"]

1. Nf3 d5 2. g3 Nc6 3. Bg2 Nf6 4. d3 e5 5. Nbd2 Bc5 6. 0-0 e4 7. dxe4 dxe4 8. Ng5 0-0 9. Ngxe4 Nxe4 10. Nxe4 Qe7 11. Nxc5 Qxc5 12. Bf4 Bf5 13. e4 Bg6 14. Bxc7 Rac8 15. Bd6 Rfd8 16. Bxc5 Rxd1 17. Raxd1 h6 18. f4 Bh5 19. Bf3 Bxf3 20. Rxf3 b6 21. Bd4 Rd8 22. Rfd3 Re8 23. e5 Nb4 24. R3d2 Nxa2 25. c3 b5 26. b4 Nxc3 27. Bxc3 Rc8 28. Rd8+ Rxd8 29. Rxd8+ Kh7 30. Rd7 Kg6 31. Rxa7 Kf5 32. Rxf7+ Ke4 33. Rxg7 Kf3 34. e6 h5 35. f5 h4 36. gxh4 Ke4 37. e7 Kf4 38. e8Q Kf3 39. Rg3+ Kf4 40. Qe3+ Kxf5 41. Qe5# 1-0

[Event "SVK-chT U12 rapid"]
[Site "Poprad"]
[Date "2025.05.02"]
[Round "4.2"]
[White "Kovacik, Oliver1"]
[Black "Srnak, Martin"]
[Result "1-0"]
[WhiteElo "1799"]
[BlackElo "1824"]
[PlyCount "85"]
[EventDate "2025.05.02"]
[EventType "team-swiss (rapid)"]
[EventRounds "7"]
[EventCountry "SVK"]
[SourceTitle "CB19_2025"]
[SourceDate "2025.05.07"]
[SourceVersion "1"]
[SourceVersionDate "2025.05.07"]
[SourceQuality "1"]

1. c4 c6 2. Nc3 Nf6 3. g3 d5 4. cxd5 cxd5 5. d4 Nc6 6. Bg2 e6 7. e3 Bb4 8. Nge2 0-0 9. a3 Bd6 10. 0-0 a6 11. Qc2 b5 12. b4 Bd7 13. Bb2 Rc8 14. Qd3 Ne7 15. e4 Bc6 16. e5 Bxe5 17. dxe5 Nd7 18. f4 Nb6 19. Nd4 Nc4 20. Rf2 Qb6 21. Bc1 a5 22. Be3 Ra8 23. Nxc6 Qxc6 24. Bc5 Rfe8 25. Rfa2 Nf5 26. Bh3 Nh6 27. Ne2 Ra6 28. Nd4 Qd7 29. a4 bxa4 30. Rxa4 Nb2 31. Qxa6 Nxa4 32. Qxa5 Nb2 33. Qa7 Qc8 34. b5 Nd3 35. Nc6 Kh8 36. Bd6 Nb2 37. Qc7 Nc4 38. Qxc8 Rxc8 39. Ne7 Re8 40. Bf1 Nb6 41. Ra6 Nd7 42. b6 Ng4 43. b7 1-0

[Event "SVK-chT U12 rapid"]
[Site "Poprad"]
[Date "2025.05.02"]
[Round "7.6"]
[White "Kyrc, Filip"]
[Black "Srnak, Martin"]
[Result "0-1"]
[WhiteElo "1506"]
[BlackElo "1824"]
[PlyCount "120"]
[EventDate "2025.05.02"]
[EventType "team-swiss (rapid)"]
[EventRounds "7"]
[EventCountry "SVK"]
[SourceTitle "CB19_2025"]
[SourceDate "2025.05.07"]
[SourceVersion "1"]
[SourceVersionDate "2025.05.07"]
[SourceQuality "1"]

1. d4 Nf6 2. c4 e6 3. Nc3 d5 4. cxd5 exd5 5. Bg5 Bb4 6. e3 h6 7. Bh4 Nbd7 8. Bd3 c6 9. Nf3 Qa5 10. Qc2 0-0 11. 0-0 Bxc3 12. Qxc3 Qb6 13. Bg3 c5 14. Rac1 c4 15. Bc2 Nh5 16. b3 Nxg3 17. hxg3 cxb3 18. Bxb3 Nf6 19. Qc5 Be6 20. Qxb6 axb6 21. Rc7 Rab8 22. Rfc1 Rfc8 23. Rxc8+ Rxc8 24. Rxc8+ Bxc8 25. Ne5 Kf8 26. Kf1 Be6 27. Ke2 Ne4 28. Nd3 Ke7 29. Nf4 Kd6 30. Nxe6 fxe6 31. g4 g5 32. f3 Nf6 33. g3 e5 34. dxe5+ Kxe5 35. Kd3 Nd7 36. Bc2 Nc5+ 37. Ke2 d4 38. exd4+ Kxd4 39. f4 Kc3 40. Bg6 Kd4 41. Kf3 b5 42. Be8 b4 43. f5 Ne4 44. Ba4 Ke5 45. Bc2 Nc3 46. Bb3 Nb5 47. Bc4 Nd4+ 48. Ke3 Nc2+ 49. Kf3 b5 50. Bd3 Nd4+ 51. Ke3 Kd5 52. f6 Kc5 53. Bf5 Nxf5+ 54. gxf5 Kd6 55. Kd4 h5 56. Ke4 Kd7 57. Kd5 Ke8 58. Ke6 h4 59. f7+ Kf8 60. Ke5 hxg3 0-1

[Event "SVK-ch U2300"]
[Site "Liptovsky Jan"]
[Date "2024.06.18"]
[Round "7"]
[White "Srnak, Martin"]
[Black "Graus, Samuel"]
[Result "0-1"]
[WhiteElo "1730"]
[BlackElo "1648"]
[PlyCount "70"]
[EventDate "2024.06.15"]
[EventType "swiss"]
[EventRounds "8"]
[EventCountry "SVK"]
[SourceTitle "CBM 220 Extra"]
[Source "ChessBase"]
[SourceDate "2024.07.31"]
[SourceVersion "1"]
[SourceVersionDate "2024.07.31"]
[SourceQuality "1"]

1. Nf3 Nf6 2. g3 d5 3. Bg2 Nbd7 4. d4 e6 5. Bg5 c5 6. c3 h6 7. Bxf6 Nxf6 8. 0-0 c4 9. Nfd2 Be7 10. e4 0-0 11. e5 Nd7 12. f4 f6 13. Qg4 Nb6 14. a4 a5 15. Nf3 f5 16. Qh5 Qe8 17. Qxe8 Rxe8 18. h3 Bd7 19. g4 g6 20. gxf5 gxf5 21. Kh2 Nxa4 22. Nbd2 b5 23. Rab1 Nb6 24. Rg1 a4 25. Bf1+ Kh7 26. Be2 Rg8 27. Nf1 Rxg1 28. Kxg1 a3 29. Ng3 Be8 30. Nh2 Na4 31. bxa3 Nxc3 32. Ra1 Nxe2+ 33. Nxe2 Rxa3 34. Rxa3 Bxa3 35. Nf3 b4 0-1